Music Quiz

Random Music or Kpop Quiz

Guess the kpop MV by pictures Quiz Stats

Quiz not verified by Sporcle

Challenge
Share
Tweet
Score 0/20 Timer 05:00
0 Plays Today
% Correct
trespass
74.6%
red light
73.3%
danger
69.1%
a
66.6%
error
63.9%
view
52%
cinderella
49.1%
knock
46.7%
solo day
46.1%
everybody
43.3%
% Correct
insane
40.2%
shadow
38.7%
stop it
34%
witch
32.6%
paradise
32.5%
attention
30.5%
goodbye bye
30.2%
man in love
28.6%
i'm sorry
12.8%
psycho
6.9%

You're not logged in!

Compare scores with friends on all Sporcle quizzes.
Sign Up with Email
OR
Log In

You Might Also Like...

Show Comments

Extras

Top Quizzes Today


Score Distribution

Your Account Isn't Verified!

In order to create a playlist on Sporcle, you need to verify the email address you used during registration. Go to your Sporcle Settings to finish the process.